10 Największych miast w województwie dolnośląskim bez powiatu - Statystyki

Ogólne statystyki
  • Ten quiz został rozwiązany 18 razy
  • Średni wynik to 5 z 10
Statystyki odpowiedzi
liczba ludności miasto % Poprawnych
16 245 Bogatynia
71%
15 086 Strzegom
71%
21 942 Świebodzice
71%
28 027 Bielawa
65%
20 674 Nowa Ruda
59%
15 109 Jelcz Laskowice
41%
14 349 Boguszów-Gorce
35%
12 361 Chojnów
35%
12 607 Brzeg Dolny
29%
11 207 Siechnice
29%
Nie znaleziono quizów pasujących do podanych kryteriów
Rozkład punktacji
Procent ludzi z każdym wynikiem
Percentyl według liczby udzielonych odpowiedzi
Twoja historia wyników
Nie rozwiązałeś tego quizu